Improving your serve : (Record no. 3609)

MARC details
000 -LEADER
fixed length control field 00728nam a2200241 a 4500
001 - CONTROL NUMBER
control field 4191517
003 - CONTROL NUMBER IDENTIFIER
control field GBCCL
005 - DATE AND TIME OF LATEST TRANSACTION
control field 20241126110458.0
008 - FIXED-LENGTH DATA ELEMENTS--GENERAL INFORMATION
fixed length control field 810916s1981 txu b 000 0 eng
010 ## -
-- 80054553
020 ## - INTERNATIONAL STANDARD BOOK NUMBER
International Standard Book Number 0849902673 :
Terms of availability $8.95
040 ## - CATALOGING SOURCE
Original cataloging agency DLC
Transcribing agency DLC
Modifying agency DLC
050 00 -
-- BT738.4
-- .S94
082 00 - DEWEY DECIMAL CLASSIFICATION NUMBER
Classification number 248.4
Edition information 19
Item number SWI
100 1# - MAIN ENTRY--PERSONAL NAME
Personal name Swindoll, Charles R.
9 (RLIN) 1487
245 10 - TITLE STATEMENT
Title Improving your serve :
Remainder of title the art of unselfish living /
Statement of responsibility, etc. Charles R. Swindoll.
260 ## - PUBLICATION, DISTRIBUTION, ETC.
Place of publication, distribution, etc. Waco, Tex. :
Name of publisher, distributor, etc. Word Books,
Date of publication, distribution, etc. 1985, c1981.
300 ## - PHYSICAL DESCRIPTION
Extent 219 p. ;
Dimensions 23 cm.
504 ## - BIBLIOGRAPHY, ETC. NOTE
Bibliography, etc. note Includes bibliographical references.
650 #0 - SUBJECT ADDED ENTRY--TOPICAL TERM
Topical term or geographic name entry element Service (Theology)
9 (RLIN) 3929
906 ## - LOCAL DATA ELEMENT F, LDF (RLIN)
a 7
b cbc
c orignew
d 2
e ocip
f 19
g y-gencatlg
942 ## - ADDED ENTRY ELEMENTS (KOHA)
Source of classification or shelving scheme Dewey Decimal Classification
Koha item type Books
Holdings
Withdrawn status Lost status Source of classification or shelving scheme Damaged status Not for loan Home library Current Library Shelving location Date acquired Total checkouts Full call number Barcode Date last seen Copy number Price effective from Koha item type
    Dewey Decimal Classification     GRACE BIBLE COLLEGE GRACE BIBLE COLLEGE Ministry & Mission 2017-11-30   248.4 SWI 001934 2025-05-01 c.1 2017-11-30 Books
    Dewey Decimal Classification     GRACE BIBLE COLLEGE GRACE BIBLE COLLEGE Ministry & Mission 2018-02-26   248.4 SWI 003831 2025-05-01 c.2 2018-02-26 Books
© Grace Bible College Library 2025